| 000 | 00712nam a22002177a 4500 | ||
|---|---|---|---|
| 003 | OSt | ||
| 005 | 20251204070133.0 | ||
| 008 | 251204b |||||||| |||| 00| 0 eng d | ||
| 020 | _a0-273-68279-2. | ||
| 040 |
_aDWCL-Main lib _cOC |
||
| 082 | _aCirc. 658.8 F484b 2005 | ||
| 100 | _aFill, Karen E. | ||
| 245 |
_aBusiness to business marketing : _brelationships, sytems and communications _cFill, Karen E. |
||
| 260 |
_aEngland : _bPearson Education Limited, _cc2005. |
||
| 300 |
_axix, 380 pages : _bchiefly illustration ; _c24 cm. |
||
| 650 | _21. Communication in marketing. | ||
| 650 | _22. Marketing channels. | ||
| 650 | _a3. Sales promotion. | ||
| 700 | _aFill, Chris | ||
| 942 |
_2ddc _cBK-CIRC _kCirc. _n0 |
||
| 999 |
_c6857 _d6857 |
||